| 000 | 00429nam a2200157Ia 4500 | ||
|---|---|---|---|
| 008 | 191127s9999 xx 000 0 und d | ||
| 100 | _aEckel, Sarah | ||
| 245 | 4 | _aThe Michaelangelo effect/ | |
| 245 | _cSarah Eckel | ||
| 260 | _bSussex Publisher | ||
| 260 | _c2019 | ||
| 300 | _aPages 61-65, January/February 2019 | ||
| 440 |
_aPsychology Today: Escaping Depression _v51: 1 |
||
| 650 | _amarriage | ||
| 650 | _aRelationship | ||
| 999 |
_c362717 _d362717 |
||